载入...
Niranam pattukavikal (m)
| 主要作者: | |
|---|---|
| 格式: | Printed Book |
| 出版: |
Thrissur
Prof. P Sankaran Nambiar Foundation
2003
|
| 主题: |
| LEADER | 00517nam a2200157 4500 | ||
|---|---|---|---|
| 082 | |a 8M1.09 RAM.D-N | ||
| 100 | |a Ramakrishnan, Desamangalam | ||
| 245 | |a Niranam pattukavikal (m) | ||
| 250 | |||
| 260 | |a Thrissur |b Prof. P Sankaran Nambiar Foundation |c 2003 | ||
| 300 | |||
| 490 | |||
| 650 | |a Malayalam poetry criticism-- Malayalam literature | ||
| 942 | |c BK | ||
| 999 | |c 235571 |d 235571 | ||
| 952 | |0 0 |1 0 |4 0 |6 8M1_09_000000000000000_RAM_DN |7 0 |9 249704 |a SDE |b SDE |d 2019-12-12 |l 0 |o 8M1.09 RAM.D-N |p SDE15040 |r 2019-12-12 |w 2019-12-12 |y BK | ||